International journal of Hispanic psychology

Bibliographic Details
Format: Electronic Journal
Language:English
Published: Hauppauge, NY : Nova Science Publishers
Subjects:
Online Access:Full text available from Research Library: 01/01/2011 to 07/31/2013

MARC

LEADER 00000nas a22000007i 4500
001 ssj0001454267
003 WaSeSS
005 20200512172242.0
006 m d
007 cr n
008 140725c20089999nyufr p s 0 a0eng
010 |a  2014202912 
022 |a 2374-0965  |y 1939-5841 
035 |a (WaSeSS)ssj0001454267 
037 |b Nova Science Publishers, 400 Oser Ave., Ste. 1600, Hauppauge, NY 11788-3619 
040 |a DLC  |b eng  |c DLC  |d OCLCO  |d COO  |d AU@  |d WaSeSS 
042 |a nsdp  |a pcc 
043 |a cl----- 
082 1 0 |a 150  |2 14 
210 0 |a Int. j. Hisp. psychol.  |b (Online) 
222 0 |a International journal of Hispanic psychology  |b (Online) 
245 0 0 |a International journal of Hispanic psychology  |h [electronic resource]. 
260 |a Hauppauge, NY :  |b Nova Science Publishers 
310 |a Semiannual 
362 1 |a Print began with: Volume 1, issue (c.2008). 
506 |a License restrictions may limit access. 
588 |a Description based on: Volume 1, issue 2 (2008); title from PDF cover image (Nova Science website, viewed on July 25, 2014). 
588 |a Latest issue consulted: Volume 6, issue 1 (2013) (viewed on July 25, 2014). 
650 0 |a Psychology  |x Research  |z Latin America  |v Periodicals. 
650 7 |a Psychology  |x Research.  |2 fast  |0 (OCoLC)fst01081506 
651 7 |a Latin America.  |2 fast  |0 (OCoLC)fst01245945 
655 0 |a Electronic journals. 
776 0 8 |i Print version:  |t International journal of Hispanic psychology  |x 1939-5841  |w (DLC) 2007212271  |w (OCoLC)166231045 
856 4 0 |z Full text available from Research Library: 01/01/2011 to 07/31/2013  |u https://search.proquest.com/publication/2034866